MARC

Tag First Indicator Second Indicator Subfields
LEADER 00000cam a22000004a 4500
001 in00002256751
005 20151105095648.0
008 061129s2007 nbu b s001 0 eng
010 |a  2006039637 
015 |a GBA747599  |2 bnb 
016 7 |a 013772970  |2 Uk 
020 |a 9780803215627 (cloth : alk. paper) 
020 |a 0803215622 (cloth : alk. paper) 
035 |a (OCoLC)ocm76864380 
035 |a (OCoLC)76864380 
040 |a DLC  |c DLC  |d BAKER  |d BTCTA  |d C#P  |d YDXCP  |d UKM  |d UtOrBLW 
043 |a e-gx--- 
049 |a TXAM 
050 0 0 |a DD203  |b .C74 2007 
082 0 0 |a 943/.07  |2 22 
100 1 |a Cramer, Kevin. 
245 1 4 |a The Thirty Years' War and German memory in the nineteenth century /  |c Kevin Cramer. 
264 1 |a Lincoln :  |b University of Nebraska Press,  |c [2007] 
264 4 |c ©2007 
300 |a xi, 385 pages ;  |c 24 cm. 
336 |a text  |b txt  |2 rdacontent 
337 |a unmediated  |b n  |2 rdamedia 
338 |a volume  |b nc  |2 rdacarrier 
490 1 |a Studies in war, society, and the military 
504 |a Includes bibliographical references (pages [315]-370) and index. 
505 0 |a The Great War -- The war of Protestant liberation -- Wallenstein's revolution -- The martyrdom of Magdeburg -- German gothic. 
651 0 |a Germany  |x History  |y 1789-1900  |x Historiography. 
650 0 |a Thirty Years' War, 1618-1648  |x Social aspects  |z Germany. 
650 0 |a Collective memory  |z Germany. 
650 0 |a National characteristics, German  |x Historiography. 
830 0 |a Studies in war, society, and the military. 
856 4 1 |3 Table of contents only  |u http://www.loc.gov/catdir/toc/ecip075/2006039637.html  |t 0 
856 4 2 |3 Contributor biographical information  |u http://www.loc.gov/catdir/enhancements/fy0705/2006039637-b.html  |t 0 
856 4 2 |3 Publisher description  |u http://www.loc.gov/catdir/enhancements/fy0705/2006039637-d.html  |t 0 
938 |a Baker & Taylor  |b BKTY  |c 55.00  |d 55.00  |i 0803215622  |n 0006997005  |s active 
938 |a Baker and Taylor  |b BTCP  |n 2006039637 
938 |a YBP Library Services  |b YANK  |n 2514213 
945 |a PromptCat  |b 202539 
946 |a stk 
947 |a A14836241445 
948 |a cataloged  |b h  |c 2007/8/23  |d c  |e achopde  |f 10:56:04 am 
994 |a 92  |b TXA 
999 |a MARS 
999 f f |s f2dfda63-e56e-303e-abd2-ec504ee11f9c  |i bf79b8e9-3b01-3556-b678-0f45dbaef86b  |t 0 
952 f f |p normal  |a Texas A&M University  |b College Station  |c Sterling C. Evans Library  |d Evans: Library Stacks  |t 0  |e DD203 .C74 2007  |h Library of Congress classification  |i unmediated -- volume  |m A14836241445 
998 f f |a DD203 .C74 2007  |t 0  |l Evans: Library Stacks